000 00536caa a22001572a 4500
001 005661
003 AR-FADEU
008 311216n########xxu####################dd
092 _a414
_bH236
100 _aOdden, David
245 _aTone: African languages
300 _app. 444-465
500 _aEn: The handbook of phonological theory / John A. Goldsmith (ed.). Cambridge : Blackwell, 1995
942 _cBDGR
773 0 _011471
_910111
_a
_b
_dCambridge
_o03059
_tTHE HANDBOOK of phonological theory
_w( AR-FADEU) 005649
_x
_z0-631-18062-1
999 _c11483
_d11483